000 01545nam a2200385 i 4500
001 196924
003 SpMaBN
005 20250802063130.0
008 250203s2023 sp | |||| 000 f spa
015 _aMON23
017 _aB 15514-2023
_bOficina Depósito Legal Barcelona
020 _a9788408278702
035 _a(SpMaBN)a7415526
040 _aSpMaBN
_bspa
_cSpMaBN
_erda
080 _a821.112.2-31"19"
100 1 _aPötzsch, Oliver,
_d1970-
_9239614
_eaut
240 1 4 _aDas Buch des Totengräbers: Ein Fall für Leopold von Herzfeldt
_lEspañol
245 1 3 _aEl libro del sepulturero :
_bmisterio, venganza y muerte en la Viena de 1893 /
_cOliver Pötzsch ; traducción de Héctor Piquer Minguijón
250 _aPrimerra edición en colección Booket: octubre 2023
_bSegunda impresión: mayo 2024
264 1 _a[Barcelona] :
_bBooket,
_c[2023].
264 4 _c©2022
300 _a526 páginas ;
_c19 cm
336 _aTexto
_2rdacontent
337 _asin mediación
_2rdamedia
338 _avolumen
_2rdacarrier
655 0 _aNovelas policiacas
_2tgfbne
_9233840
700 1 _aPiquer Minguijón, Héctor
_9154987
_etrl
852 _aES-MaACL
_cDEPOJ
_jN-10288
_hDonación: José Lázaro García
_xEncuadernación rústica
_9206410
903 _9234219
_aLázaro García, José
_ednr
942 _cMONOGRAFIA
_n0
999 _c196924
_d196924